| 000 | 00680nam a2200217 i 4500 | ||
|---|---|---|---|
| 001 | 72762 | ||
| 003 | ES-MaACL | ||
| 005 | 20230906171540.0 | ||
| 007 | t| | ||
| 008 | 040902q1920 sp ||||1| cat d | ||
| 100 | 1 |
_aGoethe, Johann Wolfgang von, _d1749-1832 _957568 |
|
| 245 | 1 | 0 |
_aHerman i Dorotea i altres obres / _cGoethe ; traducció de Josep Lleonart. |
| 260 |
_aBarcelona : _bEditorial Catalana, _c[ca. 1920] ( _fLahaña) |
||
| 300 |
_a256 p. ; _c18 cm. |
||
| 490 | 1 | _aBiblioteca literaria | |
| 700 | 1 |
_aLleonart, José. _972759 |
|
| 830 | 1 |
_aBiblioteca literaria _9183370 |
|
| 852 | 4 |
_aES-MaACL _jG-9654 |
|
| 852 | 4 |
_aES-MaACL _jG-7704 |
|
| 999 |
_c72762 _d72762 |
||